| 000 | 01167nam a22003617a 4500 | ||
|---|---|---|---|
| 003 | CHAP | ||
| 005 | 20220817042454.0 | ||
| 008 | 971013s1979 r 00010 d | ||
| 010 | _a45728 | ||
| 011 | _a46700 | ||
| 035 | _a50841 | ||
| 040 | _cCHAP | ||
| 082 |
_a636.0896 _bR4 |
||
| 100 | 0 | 0 |
_aRendig, Victor V. _eed. _995907 |
| 245 |
_aGrass tetany _b: proceedings of a symposium... |
||
| 260 |
_aMadison, Wis. : _bAmerican Society of Agronomy, _c1979 |
||
| 300 |
_a175 p. _b; gráfs. |
||
| 490 |
_aASA special publication _v; 35 |
||
| 590 |
_aBATCH-UPD _b10 _c20130110 _lUCH01 _h1019 |
||
| 590 |
_aBATCH-UPD _b10 _c20130410 _lUCH01 _h0625 |
||
| 590 |
_aBATCH-UPD _b10 _c20130914 _lUCH01 _h0502 |
||
| 590 |
_aCONVERSION _b10 _c20130109 _lUCH01 _h1325 |
||
| 650 | 1 | 4 |
_aGanado _xEnfermedades. _944909 |
| 650 | 1 | 4 |
_aMagnesio en animales. _969853 |
| 650 | 1 | 4 |
_aMetabolismo. _975149 |
| 650 | 1 | 4 |
_aPastos _xAnálisis. _985993 |
| 650 | 1 | 4 |
_aTetania de las plantas. _9112487 |
| 700 | 0 |
_aGrunes, David L. _eed. _950859 |
|
| 830 | 0 |
_aASA special publication _v; 35 |
|
| 901 | _aBK | ||
| 942 | _cLIBRO | ||
| 949 |
_a636.0896 R4 _bBC _cLIBRO _d33724000093555 _eLIBRO _h69986 _i50841 _si |
||
| 999 |
_c45728 _d45728 |
||